Normal view
MARC view
- Supervisor: Dr. Umme Laila Shah
Entry Personal Name
001 - CONTROL NUMBER
- control field: 120086
003 - CONTROL NUMBER IDENTIFIER
- control field: NUST
005 - DATE AND TIME OF LATEST TRANSACTION
- control field: 20240124101044.0
008 - FIXED-LENGTH DATA ELEMENTS
- fixed length control field: 240124|| aca||aabn | a|a d
040 ## - CATALOGING SOURCE
- Original cataloging agency: NUST
- Transcribing agency: NUST
100 ## - HEADING--PERSONAL NAME
- Personal name: Supervisor: Dr. Umme Laila Shah
670 ## - SOURCE DATA FOUND
- Source citation: Work cat.: (NUST): Abdur Rafeh, Muhammad 120085, Does Increasing Access to Financial Services Have Potential to Decrease Poverty and Income Inequality? A Panel Study of Developing Economies/
